Kolónia Lambda Pí /

Gespeichert in:
Bibliographische Detailangaben
1. Verfasser: REPKO, Jozef (Verfasst von)
Format: Buch
Sprache:Slowakisch
Veröffentlicht: Bratislava Mladé letá 1985
Ausgabe:1. vydanie
Schriftenreihe:STOPY
Tags: Tag hinzufügen
Keine Tags, Fügen Sie das erste Tag hinzu!

MARC

LEADER 00000nam a22000003a 4500
001 0101500
003 SK-STU
005 20230424143204.8
007 ta
008 230424s ----xo-----e------000-0-----d
040 |a STU  |b slo 
041 0 |a slo 
044 |a xo 
100 1 |a REPKO, Jozef  |4 aut 
245 1 0 |a Kolónia Lambda Pí /  |c aut. Jozef REPKO 
250 |a 1. vydanie 
260 |a Bratislava  |b Mladé letá  |c 1985 
300 |a 243 s. 
490 0 |a STOPY 
996 |c I* 4SOA13875  |l I  |s A  |a 24  |w 0101500_0001